Fundamentos de sistemas digitales

Saved in:
Bibliografiske detaljer
Hovedforfatter: Floyd, Thomas L (Author)
Format: Bog
Sprog:spansk
Udgivet: Madrid Pearson Educación S. A 2016
Udgivelse:11a. ed
Fag:
Tags: Tilføj Tag
Ingen Tags, Vær først til at tagge denne postø!

MARC

LEADER 00000cam a2200000 a 4500
001 UCC5647
003 CL-VaPUC
005 20210624001441.0
008 181021e20160000sp |||||||||||||||||spa|d
020 |a 9788490353004 
040 |c Pontificia Universidad Católica de Valparaíso 
082 0 4 |a 621.395  |b FLO  |2 21 
100 0 |a Floyd, Thomas L  |e author  |9 599973 
245 1 0 |a Fundamentos de sistemas digitales 
250 |a 11a. ed 
260 |a Madrid  |b Pearson Educación S. A  |c 2016 
300 |a 914 p 
583 |a last modification  |c 20181021 19:29:00  |k Rodrigo Vera 
650 0 |a Electrónica digital   |9 263160 
650 0 |a Circuitos lógicos   |9 263161 
650 0 |a Sistemas digitales   |9 435618 
942 |c BK  |2 ddc 
945 |d 20181021 19:29:00  |a dcastane 
999 |c 372789  |d 372787 
952 |0 0  |1 0  |2 ddc  |3 erb  |4 0  |6 621_395000000000000_FLO_2016  |7 0  |8 A  |9 490611  |a BIBING  |b BIBING  |c RES  |i 5509319  |l 1  |m 1  |o 621.395 FLO 2016  |p 5509319  |r 2025-01-20  |s 2023-04-11  |w 2019-11-24  |y BK  |z Catalogado en:20181021  |k EIE 
952 |0 0  |1 0  |2 ddc  |3 erb  |4 0  |6 621_395000000000000_FLO_2016  |7 0  |8 A  |9 490612  |a BIBING  |b BIBING  |c RES  |i 5509246  |l 7  |m 1  |o 621.395 FLO 2016  |p 5509246  |q 2025-05-13  |r 2025-05-06  |s 2025-05-06  |w 2019-11-24  |y BK  |z Catalogado en:20181021  |k EIE 
952 |0 0  |1 0  |2 ddc  |3 erb  |4 0  |6 621_395000000000000_FLO_2016  |7 0  |8 A  |9 490613  |a BIBING  |b BIBING  |c RES  |i 5509238  |l 4  |o 621.395 FLO 2016  |p 5509238  |r 2025-01-20  |s 2024-04-18  |w 2019-11-24  |y BK  |z Catalogado en:20181021  |k EIE 
952 |0 0  |1 0  |2 ddc  |3 erb  |4 0  |6 621_395000000000000_FLO_2016  |7 0  |8 A  |9 490614  |a BIBING  |b BIBING  |c RES  |i 550922K  |l 1  |o 621.395 FLO 2016  |p 550922K  |r 2025-01-20  |s 2022-11-17  |w 2019-11-24  |y BK  |z Catalogado en:20181021  |k EIE 
952 |0 0  |1 0  |2 ddc  |3 erb  |4 0  |6 621_395000000000000_FLO_2016  |7 0  |8 A  |9 490615  |a BIBING  |b BIBING  |c RES  |i 5509270  |o 621.395 FLO 2016  |p 5509270  |r 2025-01-20  |w 2019-11-24  |y BK  |z Catalogado en:20181021  |k EIE 
952 |0 0  |1 0  |2 ddc  |3 erb  |4 0  |6 621_395000000000000_FLO_2016  |7 0  |8 A  |9 490616  |a BIBING  |b BIBING  |c RES  |i 5509262  |o 621.395 FLO 2016  |p 5509262  |r 2025-01-20  |w 2019-11-24  |y BK  |z Catalogado en:20181021  |k EIE 
952 |0 0  |1 0  |2 ddc  |3 erb  |4 0  |6 621_395000000000000_FLO_2016  |7 0  |8 A  |9 490617  |a BIBING  |b BIBING  |c RES  |i 5509254  |l 3  |o 621.395 FLO 2016  |p 5509254  |r 2025-01-20  |s 2022-09-01  |w 2019-11-24  |y BK  |z Catalogado en:20181021  |k EIE 
952 |0 0  |1 0  |2 ddc  |3 erb  |4 0  |6 621_395000000000000_FLO_2016  |7 0  |8 A  |9 490618  |a BIBING  |b BIBING  |c RES  |i 5509300  |o 621.395 FLO 2016  |p 5509300  |r 2025-01-20  |w 2019-11-24  |y BK  |z Catalogado en:20181021  |k EIE 
952 |0 0  |1 0  |2 ddc  |3 erb  |4 0  |6 621_395000000000000_FLO_2016  |7 0  |8 A  |9 490619  |a BIBING  |b BIBING  |c RES  |i 5509297  |l 1  |o 621.395 FLO 2016  |p 5509297  |r 2025-04-21  |s 2025-04-14  |w 2019-11-24  |y BK  |z Catalogado en:20181021  |k EIE 
952 |0 0  |1 0  |2 ddc  |3 erb  |4 0  |6 621_395000000000000_FLO_2016  |7 0  |8 A  |9 490620  |a BIBING  |b BIBING  |c RES  |i 5509289  |l 1  |m 1  |o 621.395 FLO 2016  |p 5509289  |r 2025-01-20  |s 2024-04-09  |w 2019-11-24  |y BK  |z Catalogado en:20181021  |k EIE 
952 |0 0  |1 0  |2 ddc  |4 0  |6 621_395000000000000_FLO_2016  |7 0  |8 A  |9 562207  |a BIBING  |b BIBING  |c RES  |d 2020-03-31  |e 1  |g 80723.00  |i 5575206  |l 5  |o 621.395 FLO 2016  |p 5575206  |r 2025-01-20  |s 2023-06-13  |t 11  |v 80723.00  |w 2020-03-31  |y BK  |k EIE